Νεοελληνική λογοτεχνία και ορθοδοξία : κριτικά κείμενα για την πνευματική πορεία του Π. Β. Πάσχου

Αποθηκεύτηκε σε:
Λεπτομέρειες βιβλιογραφικής εγγραφής
Κύριος συγγραφέας: Κόντογλου, Φώτης, 1895-1965
Μορφή: Βιβλίο
Γλώσσα:Greek
Δημοσίευση: Αθήνα : Αρμός, 1996.
Θέματα:
Ετικέτες: Προσθήκη ετικέτας
Δεν υπάρχουν, Καταχωρήστε ετικέτα πρώτοι!

MARC

LEADER 00000cam a2200000 i 4500
001 1/69082
008 990208s1996 gr | ||| |||| ||gre||
020 |a 9605270269 
035 |l 10047762 
040 |a GR-MY-UA  |b gre  |e aacr 
041 0 |a gre 
082 7 |a 889.16   |2 (22) 
100 1 |a Κόντογλου, Φώτης,   |d 1895-1965. 
245 1 0 |a Νεοελληνική λογοτεχνία και ορθοδοξία :   |b κριτικά κείμενα για την πνευματική πορεία του Π. Β. Πάσχου /   |c Φ.Κόντογλου ... [κ.ά.].  
260 |a Αθήνα :   |b Αρμός,   |c 1996.  
300 |a 412 σ. ;   |c 24 εκ.  
600 1 0 |a Πάσχος, Παντελής Β.,   |d 1933- 
650 0 0 |a Poets, Greek  |x History and criticism. 
650 0 0 |a Religion and literature  |z Greece. 
852 |a INST  |b RHODES  |e 19990208  |h 889.16 ΝΕΟ  |p 005400005634  |q 005400005634  |t BK  |y 0 
901 |a BIBL-1999-1 
922 |a 4ΕΛΗ  |b 199805  |c ΚΠΣ/ΔΕ  |d EMVASIS 
970 |z 2000/06